Managing complexity in high technology organizations / (Record no. 2216)

000 -LEADER
fixed length control field 01110pam a2200301 a 4500
001 - CONTROL NUMBER
control field 3870144
003 - CONTROL NUMBER IDENTIFIER
control field OSt
005 - DATE AND TIME OF LATEST TRANSACTION
control field 20160629162657.0
008 - FIXED-LENGTH DATA ELEMENTS--GENERAL INFORMATION
fixed length control field 890201s1990 nyua b 001 0 eng
010 ## - LIBRARY OF CONGRESS CONTROL NUMBER
LC control number 89003030
020 ## - INTERNATIONAL STANDARD BOOK NUMBER
International Standard Book Number 0195057201 (alk. paper)
040 ## - CATALOGING SOURCE
Original cataloging agency DLC
Transcribing agency DLC
Modifying agency DLC
050 00 - LIBRARY OF CONGRESS CALL NUMBER
Classification number HD62.37.M355 1990
082 00 - DEWEY DECIMAL CLASSIFICATION NUMBER
Classification number 620/.0068
Edition number 19
245 00 - TITLE STATEMENT
Title Managing complexity in high technology organizations /
Statement of responsibility, etc edited by Mary Ann Von Glinow, Susan Albers Mohrman.
260 ## - PUBLICATION, DISTRIBUTION, ETC. (IMPRINT)
Place of publication, distribution, etc New York :
Name of publisher, distributor, etc Oxford University Press,
Date of publication, distribution, etc 1990.
300 ## - PHYSICAL DESCRIPTION
Extent xvi, 327 p. :
Other physical details ill. ;
Dimensions 25 cm.
500 ## - GENERAL NOTE
General note Includes index.
504 ## - BIBLIOGRAPHY, ETC. NOTE
Bibliography, etc Bibliography: p. 297-315.
650 #0 - SUBJECT ADDED ENTRY--TOPICAL TERM
Topical term or geographic name as entry element High technology industries
General subdivision Management.
650 #0 - SUBJECT ADDED ENTRY--TOPICAL TERM
Topical term or geographic name as entry element Organizational behavior.
700 1# - ADDED ENTRY--PERSONAL NAME
Personal name Von Glinow, Mary Ann Young,
Dates associated with a name 1949-
700 1# - ADDED ENTRY--PERSONAL NAME
Personal name Mohrman, Susan Albers.
856 42 - ELECTRONIC LOCATION AND ACCESS
Materials specified Publisher description
Uniform Resource Identifier <a href="http://www.loc.gov/catdir/enhancements/fy0638/89003030-d.html">http://www.loc.gov/catdir/enhancements/fy0638/89003030-d.html</a>
856 41 - ELECTRONIC LOCATION AND ACCESS
Materials specified Table of contents only
Uniform Resource Identifier <a href="http://www.loc.gov/catdir/enhancements/fy0638/89003030-t.html">http://www.loc.gov/catdir/enhancements/fy0638/89003030-t.html</a>
906 ## - LOCAL DATA ELEMENT F, LDF (RLIN)
a 7
b cbc
c orignew
d u
e ocip
f 19
g y-gencatlg
942 ## - ADDED ENTRY ELEMENTS (KOHA)
Source of classification or shelving scheme
Koha item type Book
Holdings
Withdrawn status Lost status Source of classification or shelving scheme Damaged status Not for loan Home library Current library Shelving location Date acquired Total Checkouts Full call number Barcode Date last seen Copy number Price effective from Koha item type
          Riara University Library Riara University Library General stack 29/06/2016   HD62.37.M355 1990 7181/16 29/06/2016 C.1 29/06/2016 Book

Riara University Library,
P.O. Box 49940-00100,
Nairobi, Kenya.